| 000 | 00472nam a2200169 a 4500 | ||
|---|---|---|---|
| 005 | 20140412111250.0 | ||
| 008 | 010328s19uu xx 00 eng d | ||
| 020 | _a0-590-76494-2 | ||
| 050 |
_aTR(GS 414 _bS36 Bk.7 |
||
| 100 | _aDaniel, Claire | ||
| 245 |
_aShort and long vowels, grades 1-2 / _cby Claire Daniel. |
||
| 260 |
_aNew York : _bScholastic Inc, _c1997. |
||
| 300 | _a31 p. | ||
| 440 | _aScholastic: Fun with Phonics! | ||
| 650 | _aPhonics | ||
| 999 |
_c103096 _d103096 |
||